000 00886nam a2200253 a 4500
001 BRCA_5637
005 20190320205149.0
008 220211t1924----mx-ao#####---#000-0#spa-#
041 _aspa
044 _amx
050 4 _aNA5257.M4
_b.I35 4 1924
245 1 0 _aIglesias de México
_bv.4. Tipos poblanos
_cSecretaría de Hacienda ; texto y dibujos del Dr. Atl ; fotografías de Kahlo.
260 _aMéxico
_bCultura
_c1924
300 _a94 p.
_bil., 52 y Fotogr.
_c42 cm.
440 0 _aIglesias de México
_914346
500 _aVer también F112 (v.1), F113 (v.2), F114 (v.3), F116 (v.5), F117 (v.6) y N.S. 177 (6 v.)
500 _aF115
650 1 4 _aIglesias
_zMéxico
_94471
650 1 4 _aArquitectura religiosa
_zMéxico
_924
700 1 _aKahlo, Guillermo
_d1871
_eFotógrafo
_9651
700 1 _aMurillo, Gerardo
_c(Dr. Atl)
_d1875-1964
_eed.
_9652
902 _aGFM
942 _2lcc
_cB
999 _c5331
_d5331